000 00585nam a2200193Ia 4500
003 IN-BaIIA
008 211028s9999 xx 000 0 eng d
040 _cIIA Library
080 _a083.7:621.833.22
_bISI
110 _aIndian Standards Institution
245 0 _aIndian standard data for procurement of straight bevel gears
_cIndian Standards Institution
260 _aNew Delhi
_bIndian Standards Institution
_c1972
300 _a7p.
500 _aIS 6563 : 1972
650 _a Standards 
650 _a Straight Bevel Gears
_99151
650 _aNASA Thesaurus 
942 _cBK
999 _c5164
_d5164